000
00186 a2200097 4500
020
_a
9780673758521
041
_a
spa
100
_a
Gordon, Barry
245
_a
A jugar beisbol
942
_c
BK
999
_c
31958
_d
31956